<?xml version="1.0" encoding="UTF-8"?>
<collection xmlns="http://www.loc.gov/MARC21/slim">
  <record>
    <leader>00000nam  2200000   4500</leader>
    <controlfield tag="001">INLIS000000000062101</controlfield>
    <controlfield tag="005">20230524100404</controlfield>
    <datafield tag="035" ind1="#" ind2="#">
      <subfield code="a">0010-0523000041</subfield>
    </datafield>
    <controlfield tag="007">ta</controlfield>
    <controlfield tag="008">230524###########################0######</controlfield>
    <datafield tag="082" ind1="#" ind2="#">
      <subfield code="a">915.954 865 4</subfield>
    </datafield>
    <datafield tag="084" ind1="#" ind2="#">
      <subfield code="a">915.954 865 4 SUM s</subfield>
    </datafield>
    <datafield tag="100" ind1=" " ind2="#">
      <subfield code="a">Sumbawa,  Dinas Pemuda dan Olah Raga Kebudayaan dan Pariwisata</subfield>
    </datafield>
    <datafield tag="245" ind1="1" ind2="#">
      <subfield code="a">Sumbawa The Essence of Paradise</subfield>
    </datafield>
    <datafield tag="260" ind1="#" ind2="#">
      <subfield code="a">Sumbawa :</subfield>
      <subfield code="b">Dinas Pemuda dan Olah Raga Kebudayaan dan Pariwisata Kab. Sumbawa,</subfield>
      <subfield code="c">2014</subfield>
    </datafield>
    <datafield tag="300" ind1="#" ind2="#">
      <subfield code="a">52 halaman :</subfield>
      <subfield code="b">ilus ;</subfield>
      <subfield code="c">29 cm</subfield>
      <subfield code="e">Lain-lain</subfield>
    </datafield>
    <datafield tag="600" ind1="#" ind2="4">
      <subfield code="a">Industri Pariwisata - Sumbawa</subfield>
    </datafield>
    <datafield tag="990" ind1="#" ind2="#">
      <subfield code="a">02470247</subfield>
    </datafield>
    <datafield tag="990" ind1="#" ind2="#">
      <subfield code="a">280/44/2015</subfield>
    </datafield>
    <datafield tag="990" ind1="#" ind2="#">
      <subfield code="a">3116331163</subfield>
    </datafield>
    <datafield tag="990" ind1="#" ind2="#">
      <subfield code="a">071/45/2016</subfield>
    </datafield>
    <datafield tag="990" ind1="#" ind2="#">
      <subfield code="a">280/44/2015</subfield>
    </datafield>
  </record>
</collection>
